Полимеризация ионизирующих мономеров

מידע ביבליוגרפי
מחבר ראשי: Кабанов В. А. Виктор Александрович
מחברים אחרים: Топчиев Д. А. Дмитрий Александрович
שפה:רוסית
יצא לאור: Москва, Наука, 1975
נושאים:
פורמט: ספר
KOHA link:https://koha.lib.tpu.ru/cgi-bin/koha/opac-detail.pl?biblionumber=36186

MARC

LEADER 00000nam0a2200000 4500
001 36186
005 20231031001349.0
035 |a (RuTPU)RU\TPU\book\36655 
035 |a BOOK00003307 
090 |a 36186 
100 |a 20011210d1975 k y0rusy50 ca 
101 0 |a rus 
102 |a RU 
105 |a a z 001zy 
200 1 |a Полимеризация ионизирующих мономеров  |f В. А. Кабанов, Д. А. Топчиев 
210 |a Москва  |c Наука  |d 1975 
215 |a 224 с. 
320 |a Библиогр. в конце гл. 
610 1 |a химия 
610 1 |a полимеризация 
610 1 |a мономеры 
610 1 |a полиэлектролиты 
610 1 |a состав 
610 1 |a строение 
675 |a 679.56  |v 3 
675 |a 547-9  |v 3 
700 1 |a Кабанов  |b В. А.  |g Виктор Александрович 
701 1 |a Топчиев  |b Д. А.  |g Дмитрий Александрович 
801 0 |a RU  |b 63413507  |c 20011210  |g PSBO 
801 2 |a RU  |b 63413507  |c 20190705  |g RCR 
900 |a Основы проектирования и оборудование производств полимеров 
942 |c BK